000 00864nas a2200277 4500
001 BR0304235
003 BR-BrBNA
005 20231205104011.0
007 ta
008 230509b bl.|||p| |||| 00| 00por d
040 _aBR-BrBNA
_bpor
_cBiblioteca Nacional de Agricultura
041 _a(Pt)
072 _aF60
100 1 _aSilva, B.B. da
100 1 _aMoura, M.S.B. de
100 1 _aAzevedo, P.V. de
100 1 _aSoares, J.M.
245 1 _aMedidas de transpiração de um pomar de goiabeiras pelo método do balanço de calor caulinar
650 _aGOIABA
650 _aÁREA FOLIAR
650 _aTRANSPIRAÇÃO VEGETAL
650 _aRADIAÇÃO SOLAR
773 0 _tRevista Brasileira de Agrometeorologia (Brazil)
_xISSN 0104-1347
_g(Jan-Jun 2002), v. 10(1) p. 19-27
_wBR0304235
909 _a202311
_bLúcia
_c55
_dLúcia Elande
942 _2AGRIS
_n0
_cANA
999 _c175881
_d175881